Vybraný členský štát EÚ – jeho súčasné postavenie v EÚ bakalárska práca

Enregistré dans:
Détails bibliographiques
Auteur principal: Bobálová, Katarína
Collectivité auteur: Fakulta medzinárodných vzťahov EU. Katedra medzinárodných ekonomických vzťahov a hospodárskej diplomacie
Autres auteurs: Cséfalvayová, Katarína
Format: Livre
Langue:slovaque
Publié: Bratislava 2013
Tags: Ajouter un tag
Pas de tags, Soyez le premier à ajouter un tag!

MARC

LEADER 00000nbm a2200000 4500
001 0172757
005 20161109112115.6
041 0 |a slo 
044 |a SK 
245 1 0 |a Vybraný členský štát EÚ – jeho súčasné postavenie v EÚ  |b bakalárska práca  |c Katarína Bobálová ; školiteľ: Katarína Cséfalvayová 
264 1 |a Bratislava  |c 2013 
300 |a 53 s. 
100 1 |a Bobálová, Katarína 
700 1 |a Cséfalvayová, Katarína 
710 2 |a Fakulta medzinárodných vzťahov EU. Katedra medzinárodných ekonomických vzťahov a hospodárskej diplomacie